MARC

LEADER 00000nam0a2200000 4500
001 306871
005 20231102001934.0
010 |a 9781405831376 
035 |a (RuTPU)RU\TPU\book\332148 
035 |a RU\TPU\book\255599 
090 |a 306871 
100 |a 20151013d2007 m y0engy50 ba 
101 0 |a eng 
102 |a GB 
105 |a a j 000zy 
200 1 |a PET. Practice test Plus 2  |f Sh. Ashton, B. Thomas 
210 |a Harlow  |c Longman  |d 2007 
215 |a 224 p.  |c il.  |e 3 CD-ROM 
225 1 |a Teaching not just Testing 
532 1 2 |a Preliminary English Test 
606 1 |a Английский язык  |x Учебные руководства и пособия  |x Учебные руководства и пособия для высшей школы  |2 stltpush  |3 (RuTPU)RU\TPU\subj\29071  |9 52483 
610 1 |a лексика 
610 1 |a грамматика 
610 1 |a упражнения 
610 1 |a письменная речь 
610 1 |a разговорная речь 
610 1 |a упражнения 
610 1 |a аутентичные материалы 
610 1 |a CD-ROM 
610 1 |a сертификаты 
686 |a Ш143.21-923  |v LBC/SL-A  |2 rubbk 
700 1 |a Ashton  |b Sh.  |g Sharon 
701 1 |a Thomas  |b B.  |g Barbara 
801 1 |a RU  |b 63413507  |c 20051025  |g PSBO 
801 2 |a RU  |b 63413507  |c 20151016  |g PSBO 
900 |a Английский язык 
942 |c BK